Normal view
MARC view
- Ghost stories.
Entry Genre/Form Term
001 - CONTROL NUMBER
- control field: 10039
003 - CONTROL NUMBER IDENTIFIER
- control field: NUST
005 - DATE AND TIME OF LATEST TRANSACTION
- control field: 20180227060953.0
008 - FIXED-LENGTH DATA ELEMENTS
- fixed length control field: 180227|| aca||aabn | a|a d
040 ## - CATALOGING SOURCE
- Original cataloging agency: NUST
- Transcribing agency: NUST
155 ## - HEADING--GENRE/FORM TERM
- Genre/form term: Ghost stories.
670 ## - SOURCE DATA FOUND
- Source citation: Work cat.: (NUST)0: Sparks, Nicholas. 10035, True believer /, 2005.
